<?xml version="1.0" encoding="UTF-8"?><?xml-stylesheet type="text/xsl" href="static/style.xsl"?><OAI-PMH xmlns="http://www.openarchives.org/OAI/2.0/" xmlns:xsi="http://www.w3.org/2001/XMLSchema-instance" xsi:schemaLocation="http://www.openarchives.org/OAI/2.0/ http://www.openarchives.org/OAI/2.0/OAI-PMH.xsd"><responseDate>2026-06-01T06:01:15Z</responseDate><request verb="GetRecord" identifier="oai:riuma.uma.es:10630/8060" metadataPrefix="marc">https://riuma.uma.es/rest/oai/request</request><GetRecord><record><header><identifier>oai:riuma.uma.es:10630/8060</identifier><datestamp>2026-02-03T12:06:37Z</datestamp><setSpec>com_10630_2254</setSpec><setSpec>col_10630_37959</setSpec></header><metadata><record xmlns="http://www.loc.gov/MARC21/slim" xmlns:dcterms="http://purl.org/dc/terms/" xmlns:doc="http://www.lyncode.com/xoai" xmlns:xsi="http://www.w3.org/2001/XMLSchema-instance" xsi:schemaLocation="http://www.loc.gov/MARC21/slim http://www.loc.gov/standards/marcxml/schema/MARC21slim.xsd">
   <leader>00925njm 22002777a 4500</leader>
   <datafield ind2=" " ind1=" " tag="042">
      <subfield code="a">dc</subfield>
   </datafield>
   <datafield ind2=" " ind1=" " tag="720">
      <subfield code="a">Nieto, Adrián</subfield>
      <subfield code="e">author</subfield>
   </datafield>
   <datafield ind2=" " ind1=" " tag="720">
      <subfield code="a">Cubo, Javier</subfield>
      <subfield code="e">author</subfield>
   </datafield>
   <datafield ind2=" " ind1=" " tag="720">
      <subfield code="a">Pimentel-Sánchez, Ernesto</subfield>
      <subfield code="e">author</subfield>
   </datafield>
   <datafield ind2=" " ind1=" " tag="260">
      <subfield code="c">2014-09-19</subfield>
   </datafield>
   <datafield ind2=" " ind1=" " tag="520">
      <subfield code="a">La falta de estandarización a la hora de conectar dispositivos a Internet del Futuro origina un problema relativamente novedoso en el que aún no se ha definido una línea concreta de actuación. En este sentido, el estándar OASIS DPWS (Device Profile for Web Services) está orientado a exponer, con independencia de su capacidad, dispositivos de forma genérica basándose en la pila de protocolos para Servicios Web. Sin&#xd;
embargo, el alcance de la comunicación con dichos dispositivos de forma ubicua se encuentra limitado al uso de "discovery proxies", que agregan dispositivos conectados a diferentes redes. Esto dificulta enormemente la vision global de dichos dispositivos, además de delegar en primera instancia todas las tareas de comunicación a un único punto de entrada. En este trabajo, se propone extender el estándar DPWS para permitir la creación de un repositorio de dispositivos en la Nube, donde considerando los beneficios de la computación en la Nube, como su capacidad ‘ilimitada’, se almacenen, procesen y orquesten la gran cantidad de dispositivos que&#xd;
constituyen las nuevas aplicaciones de la sociedad de Internet del Futuro.</subfield>
   </datafield>
   <datafield ind1="8" ind2=" " tag="024">
      <subfield code="a">http://hdl.handle.net/10630/8060</subfield>
   </datafield>
   <datafield tag="653" ind2=" " ind1=" ">
      <subfield code="a">Computación en la nube</subfield>
   </datafield>
   <datafield ind2="0" ind1="0" tag="245">
      <subfield code="a">Una solución para la gestión e integración de Internet de las Cosas en la Nube</subfield>
   </datafield>
</record>
</metadata></record></GetRecord></OAI-PMH>